00701nam a2200229 a 4500008004100000020001900041040002500060041001300085044001500098072004800113080002600161080002800187100002300215240002900238245007000267250001400337260002300351300001800374700002300392730001800415765003800433041208s2004||||xo g 0000f slo d a808049391Xc67 aSNKbslocSNKeAACR21 asloheng axocSKcSK 7a821.111(73)-3xAmerická próza2konspekt a(0:82-312.4)2MDT-MRF a821.111(73)-312MDT-MRF1 aHooper, Kayd1957-10aTouching evillSlovensky10aMedzi nebom a zemou-bMaggiecKay Hooper ; [preklad Patrik Frank] a[1. vyd.] aMartinbWistc2004 a282 s.c19 cm1 aFrank, Patrik4prk aTouching evil0 tTouching evilaHooper, Kay, 1957-